000 00489nam a2200157 i 4500
001 27209
003 ES-MaACL
005 20230906153559.0
007 t|
008 030113s1935 py ||||1| spa d
100 1 _aAyala, Eusebio.
_924109
245 1 0 _aDiscurso del Señor Presidente de la República Eusebio Ayala ante la convención del Partido Liberal
_b: . [Paraguay] 20 enero 1935.
260 _a[S.l. :
_bs.n.,
_c1935]
300 _a25 p. ;
_c23 cm.
852 _aES-MaACL
_j1800-F-18
999 _c27209
_d27209